La guerra hispano-cubano-americana y el nacimiento del imperialismo norteamericano (Record no. 64466)

MARC details
000 -LEADER
campo de control de longitud fija 00959nam a2200253 i 4500
001 - NÚMERO DE CONTROL
campo de control 64466
003 - IDENTIFICADOR DE NÚMERO DE CONTROL
campo de control ES-MaACL
005 - FECHA Y HORA DE LA ÚLTIMA TRANSACCIÓN
campo de control 20250830222952.0
007 - CAMPO FIJO DE DESCRIPCIÓN FÍSICA--INFORMACIÓN GENERAL
campo de control de longitud fija t|
008 - DATOS DE LONGITUD FIJA--INFORMACIÓN GENERAL
campo de control de longitud fija 031224s1975 sp ||||1| spa d
100 1# - ENTRADA PRINCIPAL--NOMBRE DE PERSONA
Nombre de persona Foner, Philip S.
9 (RLIN) 51498
245 13 - MENCIÓN DEL TÍTULO
Título La guerra hispano-cubano-americana y el nacimiento del imperialismo norteamericano
Resto del título : 1895-1902 /
Mención de responsabilidad, etc. Philip S. Foner ; [traducción, Encina Bodelon Velasco].
260 ## - PUBLICACIÓN, DISTRIBUCIÓN, ETC.
Lugar de publicación, distribución, etc. [Madrid] :
Nombre del editor, distribuidor, etc. Akal,
Fecha de publicación, distribución, etc. [1975]
300 ## - DESCRIPCIÓN FÍSICA
Extensión 2 v. ;
Dimensiones 23 cm.
490 1# - MENCIÓN DE SERIE
Mención de serie Manifiesto ;
Designación de volumen o secuencia 10-11
505 8# - NOTA DE CONTENIDO CON FORMATO
Nota de contenido con formato Contiene: Vol. 1: 1895-1898 -- Vol. 2: 1898-1902
650 04 - PUNTO DE ACCESO ADICIONAL DE MATERIA--TÉRMINO DE MATERIA
Término de materia o nombre geográfico como elemento de entrada Guerra hispano-americana, 1898
9 (RLIN) 13207
651 #4 - PUNTO DE ACCESO ADICIONAL DE MATERIA--NOMBRE GEOGRÁFICO
Nombre geográfico Cuba-
Subdivisión general Historia-
Subdivisión cronológica 1895-1898, Guerra de la Independencia.
9 (RLIN) 8096
651 #4 - PUNTO DE ACCESO ADICIONAL DE MATERIA--NOMBRE GEOGRÁFICO
Nombre geográfico Estados Unidos-
Subdivisión general Política exterior-
Subdivisión cronológica S.XIX.
9 (RLIN) 170133
700 1# - ENTRADA AGREGADA--NOMBRE PERSONAL
Nombre de persona Bodelon Velasco, Encina.
9 (RLIN) 29697
830 0# - PUNTO DE ACCESO ADICIONAL DE SERIE-TÍTULO UNIFORME
Título uniforme Manifiesto ;
Designación de volumen o secuencia 10-11
9 (RLIN) 187216
852 ## - LOCALIZACIÓN
Ubicación ES-MaACL
Número de control de estantería G-9094-5
Sublocalización o colección R.92562
Holdings
Estatus retirado Estado de pérdida Estado de daño No para préstamo Biblioteca de origen Biblioteca actual Ubicación en estantería Fecha de adquisición Fuente de adquisición Total de préstamos Signatura topográfica completa Código de barras Visto por última vez Precio de reemplazo Tipo de ítem Koha
        Biblioteca del Ateneo de Madrid Biblioteca del Ateneo de Madrid Sala Pecera Planta 3 17/01/2008     G-9094-5 1067552 23/02/2023 23/02/2023 Libro impreso